Edge-based clausal syntax : a study of (mostly) English object structure /

Bibliographic Details
Main Author: Postal, Paul Martin, 1936-
Format: eBook
Language:English
Published: Cambridge, Mass. : MIT Press, [2010]
Subjects:
Online Access:Connect to the full text of this electronic book

MARC

Tag First Indicator Second Indicator Subfields
LEADER 00000cam a22000004a 4500
001 in00003423521
005 20190405203936.0
006 m o d
007 cr |||||||nn|n
008 100415s2010 mau o d eng d
010 |z  2010015782 
020 |a 9780262295482 
020 |z 9780262014816 (alk. paper) 
020 |z 0262014815 (alk. paper) 
020 |z 9780262512756 (pbk. : alk. paper) 
020 |z 0262512750 (pbk. : alk. paper) 
035 |a (MdBmJHUP)muse9780262295482 
040 |a MdBmJHUP  |c MdBmJHUP  |d UtOrBLW 
050 0 0 |a P291  |b .P67 2010 
082 0 0 |a 425  |2 22 
100 1 |a Postal, Paul Martin,  |d 1936- 
245 1 0 |a Edge-based clausal syntax :  |b a study of (mostly) English object structure /  |c Paul M. Postal. 
264 1 |a Cambridge, Mass. :  |b MIT Press,  |c [2010] 
264 4 |c ©2010 
300 |a 1 online resource (xvi, 465 pages :) :  |b illustrations 
336 |a text  |b txt  |2 rdacontent 
337 |a computer  |b c  |2 rdamedia 
338 |a online resource  |b cr  |2 rdacarrier 
504 |a Includes bibliographical references (pages [431]-451) and indexes. 
588 |a Description based on print version record. 
500 |a Electronic resource. 
650 0 |a English language  |x Clauses. 
650 0 |a English language  |x Syntax. 
650 0 |a Grammar, Comparative and general  |x Clauses. 
650 0 |a Grammar, Comparative and general  |x Syntax. 
655 7 |a Electronic books.  |2 local 
856 4 0 |u http://proxy.library.tamu.edu/login?url=http://muse.jhu.edu/books/9780262295482/  |z Connect to the full text of this electronic book  |t 0 
999 |a MARS 
999 f f |s 15aa3433-7915-3c3c-9e9e-c022e9a74958  |i 19d6685c-6637-36a7-832b-0d085c7c335f  |t 0 
952 f f |a Texas A&M University  |b College Station  |c Electronic Resources  |d Available Online  |t 0  |e P291 .P67 2010  |h Library of Congress classification 
998 f f |a P291 .P67 2010  |t 0  |l Available Online